000 00280nam a2200121Ia 4500
008 190216s9999||||xx |||||||||||||| ||und||
100 _aDhamodharan Nair K N
245 0 _aYugovinte Pavangal
260 _bPoorna Pubs Kozhikode
300 _a379p
650 _aNovel
942 _cBK
999 _c27182
_d27182